000
00342pam a2200157a 44500
008
230405s2010 xxu||||| |||| 00| 0 eng d
041
_a
ENG
100
_a
Desai Apurva A
245
_a
Computer Graphics
250
_a
1
260
_a
_b
PHI PUBLICATION 1
_c
2010
300
_a
347p,23cm
440
_a
350
690
_a
MCA
906
_a
6925
999
_c
259784
_d
259784